Normal view
MARC view
- تاليف سيغور ، الكونتيسة ؛ ترجمة الياس حداد
Entry Personal Name
001 - CONTROL NUMBER
- control field: 8920
003 - CONTROL NUMBER IDENTIFIER
- control field: JO-AjAnu
005 - DATE AND TIME OF LATEST TRANSACTION
- control field: 20230606071733.0
008 - FIXED-LENGTH DATA ELEMENTS
- fixed length control field: 230606|| aca||aabn | a|a d
040 ## - CATALOGING SOURCE
- Original cataloging agency: JO-AjAnu
- Transcribing agency: JO-AjAnu
100 ## - HEADING--PERSONAL NAME
- Personal name: تاليف سيغور ، الكونتيسة ؛ ترجمة الياس حداد
670 ## - SOURCE DATA FOUND
- Source citation: Work cat.: (JO-AjAnu)4602: تاليف سيغور ، الكونتيسة ؛ ترجمة الياس حداد , author, البنيات النموذجيات